00849nam a2200205 a 450000100060000000300080000600500170001400800410003103500190007204000350009104100080012608200250013424502560015926000360041530000350045150400380048665000280052470000520055270000390060470387BD-RjUL20211209082007.0170417s1967 enka 101 0 eng d a(BD-RjUL)70601 aBD-RjULbengcBD-RjULdBD-RjUL aeng 223a512.74bALG 196710aAlgebraic number theory :bproceedings of an instructional conference organized by the London Mathematical Society (a Nato Advanced Study Institute) with the support of the International Mathematical Union /cedited by J.W.S. Cassels and A. Fröhlich aLondon :bAcademic Press,c1967 axviii, 366 p. :bill. ;c23 cm aIncludes bibliographies and index 0aAlgebraic number theory1 aCassels, J. W. S.q(John William Scott),d1922-1 aFröhlich, A.q(Albrecht),d1916-